000 00616nam a2200205Ia 4500
003 IN-BaIIA
008 211028s9999 xx 000 0 eng d
020 _a81-7371-237-9
040 _cIIA Library
080 _a521.81
_bSHY
100 _aShylaja, B. S
245 0 _aEclipse
_ba celestial shadow play
_cB. S. Shylaja and H. R. Madhusudan
260 _aHyderabad
_bUniversities Press
_c1999
300 _ax, 149p.
650 _aEclipses
_9909
650 _aLunar eclipse
_923177
650 _aSolar eclipse
_91412
700 _aMadhusudan, H. R
_923178
942 _cBK
999 _c13157
_d13157